[Event "Moscow Open C University Men"]
[Site "Moscow RUS"]
[Date "2011.02.01"]
[Round "4.26"]
[White "Borisovsky, Viktor"]
[Black "Partskhaladze, David"]
[Result "1-0"]
[WhiteElo "2118"]
[BlackElo "1755"]
[WhiteFideId "24131768"]
[BlackFideId "24133787"]
[EventDate "2011.01.29"]

1. d4 Nf6 2. c4 d6 3. Nc3 g6 4. e4 Bg7 5. f3 O-O 6. Nge2 Nc6 7. Be3 a6 8. Qd2
Rb8 9. a3 b5 10. d5 Na5 11. Nd4 c5 12. dxc6 e5 13. Nc2 Nb3 14. Qd1 Nxa1 15. Nb4
bxc4 16. Qxa1 Qa5 17. Qa2 Be6 18. Bxc4 Bxc4 19. Qxc4 Rfc8 20. O-O Bf8 21. Rf2
Rxb4 22. axb4 Qa1+ 23. Rf1 Qxb2 24. Bg5 Nh5 25. Nd5 h6 26. Be3 Qa3 27. c7 Nf4
28. Bxf4 exf4 29. Qc6 1-0

[Event "Moscow Open C University Men"]
[Site "Moscow RUS"]
[Date "2011.02.01"]
[Round "4.27"]
[White "Kartsev, Sergei"]
[Black "Protasov, Alexey"]
[Result "0-1"]
[WhiteElo "2112"]
[BlackElo "1914"]
[WhiteFideId "24103853"]
[BlackFideId "24114561"]
[EventDate "2011.01.29"]

1. e4 c6 2. d4 d5 3. e5 Bf5 4. Nf3 e6 5. Be2 c5 6. O-O Nc6 7. Nbd2 Qb6 8. dxc5
Qxc5 9. c3 Nge7 10. Nb3 Qb6 11. Be3 Qc7 12. Nbd4 a6 13. Qa4 Qd7 14. Nb5 Ng6 15.
c4 Rc8 16. cxd5 exd5 17. Nc3 Bb4 18. Rad1 Bxc3 19. bxc3 Ncxe5 20. Qa3 Nxf3+ 21.
Bxf3 Qe7 22. Qb3 Be4 23. Bxe4 dxe4 24. Bc1 Qe6 25. Ba3 Qxb3 26. axb3 Rxc3 27.
Rfe1 f5 28. g4 Nh4 29. Re3 Rxe3 30. fxe3 fxg4 31. Kf2 Nf5 32. Rd5 g6 33. Bc5 b5
34. b4 h5 35. Re5+ Kd7 36. Rxe4 Re8 37. Rf4 Nd6 38. Rd4 Re6 39. e4 Kc6 40. e5
Nf7 41. Kg3 Rxe5 42. Rf4 Ng5 43. Rf8 Ne4+ 44. Kf4 Nxc5 0-1

[Event "Moscow Open C University Men"]
[Site "Moscow RUS"]
[Date "2011.02.01"]
[Round "4.28"]
[White "Guseinov, Djelal"]
[Black "Anfinogenov, Artem"]
[Result "0-1"]
[WhiteElo "1997"]
[BlackElo "2068"]
[WhiteFideId "4106571"]
[BlackFideId "4197461"]
[EventDate "2011.01.29"]

1. Nf3 c5 2. c4 Nc6 3. d4 cxd4 4. Nxd4 Nf6 5. Nc3 d5 6. cxd5 Nxd5 7. Ndb5 Nxc3
8. Qxd8+ Kxd8 9. Nxc3 e5 10. Bg5+ f6 11. O-O-O+ Ke8 12. Be3 Be6 13. g3 Bb4 14.
Bg2 Bxc3 15. bxc3 Bxa2 16. Bh3 Rf8 17. Rd2 Bb3 18. Kb2 Na5 19. Rd7 Rf7 20. Rxf7
Bxf7 21. Bc5 b6 22. Bb4 Nc4+ 23. Kb3 Rd8 24. Ba3 Rd2 25. Re1 Nxa3+ 26. Kxa3 a5
27. Ka4 Bc4 28. Ra1 Ke7 29. Bf5 Kd6 30. Bxh7 Kc5 31. Bd3 e4 32. Bxe4 Rxe2 33. f3
Rxh2 34. Ka3 b5 35. g4 g5 36. Bb7 b4+ 37. cxb4+ axb4+ 38. Ka4 Rh7 39. f4 Rxb7 0-1

[Event "Moscow Open C University Men"]
[Site "Moscow RUS"]
[Date "2011.02.01"]
[Round "4.29"]
[White "Dzhumaev, Almir"]
[Black "Edzhibia, David"]
[Result "1-0"]
[WhiteElo "2226"]
[BlackElo "2054"]
[WhiteFideId "24169544"]
[BlackFideId "24109851"]
[EventDate "2011.01.29"]

1. e4 c5 2. Nc3 Nc6 3. g3 Nf6 4. Bg2 e6 5. d3 Be7 6. f4 d6 7. Nf3 Qc7 8. d4 cxd4
9. Nxd4 Nxd4 10. Qxd4 O-O 11. O-O d5 12. Qd3 dxe4 13. Nxe4 Rd8 14. Qe2 Bd7 15.
Ng5 Qb6+ 16. Kh1 Rac8 17. c4 Qd4 18. Bxb7 Qxc4 19. Qxc4 Rxc4 20. b3 Rc2 21. Be3
Ng4 22. Bg1 Bb5 23. Rfc1 Rdd2 24. a4 Bf6 25. axb5 Bxa1 26. Rxa1 Nf2+ 27. Bxf2
Rxf2 28. Be4 Rb2 29. b6 a5 30. b7 Rxb3 31. Rxa5 1-0

[Event "Moscow Open C University Men"]
[Site "Moscow RUS"]
[Date "2011.02.01"]
[Round "4.30"]
[White "Cherny, Oleg"]
[Black "Isaev, Evgeny"]
[Result "1-0"]
[WhiteElo "2046"]
[BlackElo "1940"]
[WhiteFideId "24115886"]
[BlackFideId "4176383"]
[EventDate "2011.01.29"]

1. d4 Nf6 2. Nf3 d5 3. c4 c6 4. Nc3 dxc4 5. a4 Bf5 6. e3 e6 7. Bxc4 Bb4 8. O-O
Nbd7 9. Na2 Qb6 10. Nxb4 Qxb4 11. b3 Qb6 12. Ba3 Ne4 13. Nh4 Bg6 14. Nxg6 hxg6
15. Qc2 Qc7 16. f4 Ndf6 17. Bd3 Nd6 18. Qc5 Nde4 19. Qe5 Qxe5 20. fxe5 Nd2 21.
exf6 Nxf1 22. fxg7 Rg8 23. Rxf1 Rxg7 24. Bd6 a6 25. Be5 Rh7 26. g3 Rd8 27. Be4
Rh5 28. Kg2 Rd7 29. h4 Rh7 30. b4 Ke7 31. Bf6+ Ke8 32. g4 Rh6 33. Kg3 Rc7 34.
Rc1 Kd7 35. Kf4 Rc8 36. Kg5 Rhh8 37. Bxh8 Rxh8 38. Rh1 Ke7 39. h5 gxh5 40. gxh5
Rg8+ 41. Kf4 f5 42. Bf3 Kf6 43. h6 Rh8 44. h7 Kg7 45. Ke5 Kf7 46. Kd6 Kf6 47.
Kc7 b5 48. a5 e5 49. Kb6 f4 50. dxe5+ Kxe5 51. exf4+ Kxf4 52. Bxc6 1-0

[Event "Moscow Open C University Men"]
[Site "Moscow RUS"]
[Date "2011.02.01"]
[Round "4.31"]
[White "Kvasov, Sergey"]
[Black "Kyupriyski, Borislav"]
[Result "1-0"]
[WhiteElo "1961"]
[BlackElo "1922"]
[WhiteFideId "24145939"]
[BlackFideId "2910993"]
[EventDate "2011.01.29"]

1. e4 e5 2. Bc4 Nf6 3. Nf3 Nxe4 4. Nc3 Nd6 5. Bb3 Nc6 6. Qe2 Be7 7. Nxe5 Nd4 8.
Qg4 Nxb3 9. axb3 Bf6 10. f4 O-O 11. O-O Ne8 12. Qf3 d6 13. Ng4 Bd4+ 14. Nf2 Nf6
15. Kh1 d5 16. d3 Re8 17. f5 Bxf2 18. Qxf2 Re5 19. Bg5 h6 20. Qd4 Rxf5 21. Bxf6
Qxf6 22. Qxf6 gxf6 23. Rxf5 Bxf5 24. Nxd5 Kg7 25. Rf1 Bg6 26. Nxf6 Rd8 27. Kg1
h5 28. Rf4 c6 29. Kf2 Kf8 30. Ne4 Bxe4 31. Rxe4 Rd5 32. Rb4 b5 33. Ke3 Rg5 34.
g3 a5 35. Re4 Rf5 36. Rf4 Re5+ 37. Kd2 Re6 38. Rf5 Rh6 39. c4 h4 40. cxb5 hxg3
41. hxg3 Rh2+ 42. Kc3 cxb5 43. Rxb5 Rg2 44. Rxa5 Rxg3 45. Re5 f6 46. Re2 Rg7 47.
b4 f5 48. b5 f4 49. Kb4 Rd7 50. b6 Rxd3 51. b7 Rd8 52. Kb5 f3 53. Rf2 Ke7 54.
Kb6 1-0

[Event "Moscow Open C University Men"]
[Site "Moscow RUS"]
[Date "2011.02.02"]
[Round "5.1"]
[White "Kharitonov, Alexandr"]
[Black "Nakhapetiane, Pogos"]
[Result "1-0"]
[WhiteTitle "GM"]
[BlackTitle "FM"]
[WhiteElo "2552"]
[BlackElo "2469"]
[WhiteFideId "4135202"]
[BlackFideId "4166728"]
[EventDate "2011.01.29"]

1. d4 Nf6 2. c4 e6 3. Nc3 Bb4 4. e3 O-O 5. Bd3 d5 6. a3 Bxc3+ 7. bxc3 dxc4 8.
Bxc4 e5 9. Ne2 c5 10. O-O Nc6 11. Bb2 Na5 12. Ba2 Be6 13. Bxe6 fxe6 14. a4 Nc4
15. Ba3 Nxa3 16. Rxa3 Qd6 17. dxc5 Qxd1 18. Rxd1 Ne4 19. c6 Rad8 20. Raa1 bxc6
21. f3 Nd2 22. Kf2 Rd3 23. Ng3 Rfd8 24. Ke2 R3d5 25. e4 R5d7 26. Nf1 Nb3 27.
Rxd7 Rxd7 28. Rb1 Nc5 29. Rb4 Na6 30. Rb1 Nc5 31. Rb4 Na6 32. Rc4 c5 33. Ne3 h5
34. a5 Rb7 35. Ra4 Rb2+ 36. Kd3 Kf7 37. Ra1 Kf6 38. h4 Nb8 39. g4 a6 40. Nc4 Rf2
41. g5+ Ke7 42. Nxe5 Kd6 43. Ke3 Rc2 44. Rd1+ Kc7 45. Kd3 Rb2 46. Kc4 Rb5 47.
Ra1 Nc6 48. Nxc6 Kxc6 49. e5 Kd7 50. g6 Kd8 51. Rd1+ Ke7 52. Rd6 Rxa5 53. Rb6
Kd7 54. Rb7+ Kc6 55. Rxg7 Ra4+ 56. Kb3 Ra1 57. Rg8 Rb1+ 58. Kc4 Rb7 59. Re8 1-0

[Event "Moscow Open C University Men"]
[Site "Moscow RUS"]
[Date "2011.02.02"]
[Round "5.2"]
[White "Popov, Ivan RUS"]
[Black "Nozdrachev, Vladislav"]
[Result "1-0"]
[WhiteTitle "GM"]
[BlackTitle "FM"]
[WhiteElo "2609"]
[BlackElo "2438"]
[WhiteFideId "4170350"]
[BlackFideId "24113441"]
[EventDate "2011.01.29"]

1. d4 Nf6 2. c4 e6 3. Nc3 Bb4 4. f3 c5 5. d5 exd5 6. cxd5 d6 7. e4 O-O 8. Bd3 b6
9. Ne2 Ba6 10. Bxa6 Nxa6 11. Bg5 Nb8 12. O-O Nbd7 13. f4 Re8 14. Ng3 b5 15. Qf3
h6 16. Bh4 Qa5 17. Rae1 Bxc3 18. bxc3 Qa4 19. Bxf6 Nxf6 20. e5 Nh7 21. e6 Rad8
22. Nf5 fxe6 23. dxe6 Qc2 24. Qg4 Qxc3 25. e7 Rb8 26. Nxh6+ Kh8 27. Nf7+ Kg8 28.
Qe6 Nf8 29. Nh6+ Kh7 30. exf8=N+ 1-0

[Event "Moscow Open C University Men"]
[Site "Moscow RUS"]
[Date "2011.02.02"]
[Round "5.3"]
[White "Efanov, Nikolai"]
[Black "Ponkratov, Pavel"]
[Result "1/2-1/2"]
[WhiteTitle "IM"]
[BlackTitle "GM"]
[WhiteElo "2421"]
[BlackElo "2581"]
[WhiteFideId "4187997"]
[BlackFideId "4157800"]
[EventDate "2011.01.29"]

1. e4 e6 2. d4 d5 3. exd5 exd5 4. Bd3 Nf6 5. Ne2 c5 6. c3 Nc6 7. O-O Bd6 8. Bf4
cxd4 9. cxd4 Bg4 10. f3 Bxf4 11. Nxf4 Be6 12. Bb5 O-O 13. Bxc6 1/2-1/2

[Event "Moscow Open C University Men"]
[Site "Moscow RUS"]
[Date "2011.02.02"]
[Round "5.4"]
[White "Papin, Vasily"]
[Black "Bagrationi, Alexander"]
[Result "1/2-1/2"]
[WhiteTitle "IM"]
[BlackTitle "IM"]
[WhiteElo "2568"]
[BlackElo "2459"]
[WhiteFideId "4143183"]
[BlackFideId "14104954"]
[EventDate "2011.01.29"]

1. d4 d5 2. c4 c6 3. Nf3 Nf6 4. Qc2 a6 5. Bf4 dxc4 6. Qxc4 Bf5 7. Nbd2 Nbd7 8.
e3 e6 9. Be2 h6 10. h3 Be7 11. O-O O-O 12. Rac1 Rc8 13. a3 c5 14. Qa2 Nd5 15.
Bh2 N7f6 16. Nb3 cxd4 17. Nfxd4 Bg6 18. Rxc8 Qxc8 19. Na5 Ne4 20. Nc4 Rd8 21.
Ne5 Bh7 22. Bh5 Rf8 23. Be2 1/2-1/2

[Event "Moscow Open C University Men"]
[Site "Moscow RUS"]
[Date "2011.02.02"]
[Round "5.5"]
[White "Evdokimov, Alexander A."]
[Black "Polschikov, Alexey"]
[Result "1/2-1/2"]
[WhiteTitle "GM"]
[BlackTitle "FM"]
[WhiteElo "2551"]
[BlackElo "2380"]
[WhiteFideId "4139275"]
[BlackFideId "24130583"]
[EventDate "2011.01.29"]

1. d4 d5 2. c4 c6 3. Nf3 Nf6 4. Nc3 e6 5. e3 Bd6 6. Bd3 Nbd7 7. O-O O-O 8. e4
dxe4 9. Nxe4 Nxe4 10. Bxe4 h6 11. Bc2 e5 12. Re1 exd4 13. Qxd4 Bc5 14. Qc3 a5
15. a3 Nf6 16. h3 Qb6 17. Be3 Be6 18. Bd4 Bxd4 19. Nxd4 Bd7 20. c5 Qc7 21. Re2
Rfe8 22. Rae1 Rxe2 23. Rxe2 Kf8 24. Bb3 Rd8 25. Nf3 Bf5 26. Qe5 Qxe5 27. Nxe5
Nd7 28. Rd2 f6 29. Nc4 Rb8 30. Nxa5 Nxc5 31. Ba2 Ke7 32. g4 Be6 33. b4 Bxa2 34.
Rxa2 Ne6 35. Kg2 Nf4+ 36. Kg3 Nd5 37. Kf3 Kd7 38. Re2 Ra8 39. Rd2 Kc7 40. Ke4 g6
41. Kf3 1/2-1/2

[Event "Moscow Open C University Men"]
[Site "Moscow RUS"]
[Date "2011.02.02"]
[Round "5.6"]
[White "Kurukin, Dmitry"]
[Black "Ovetchkin, Roman"]
[Result "1/2-1/2"]
[BlackTitle "GM"]
[WhiteElo "2313"]
[BlackElo "2498"]
[WhiteFideId "24113174"]
[BlackFideId "4119991"]
[EventDate "2011.01.29"]

1. d4 Nf6 2. c4 e6 3. Nf3 d5 4. g3 Bb4+ 5. Bd2 Be7 6. Bg2 O-O 7. O-O c6 8. Qc2
b6 9. Rd1 Nbd7 10. b3 Ba6 11. Bf4 Rc8 12. Nc3 h6 13. e4 dxe4 14. Nd2 1/2-1/2

[Event "Moscow Open C University Men"]
[Site "Moscow RUS"]
[Date "2011.02.02"]
[Round "5.7"]
[White "Potapov, Pavel"]
[Black "Seliverstov, Vladimir"]
[Result "1/2-1/2"]
[WhiteTitle "IM"]
[BlackTitle "FM"]
[WhiteElo "2470"]
[BlackElo "2304"]
[WhiteFideId "4169786"]
[BlackFideId "4192036"]
[EventDate "2011.01.29"]

1. e4 c5 2. c3 d5 3. exd5 Qxd5 4. d4 Nf6 5. Nf3 e6 6. Bd3 Be7 7. O-O O-O 8. c4
Qd7 9. dxc5 Rd8 10. Bc2 Qc7 11. Qe2 Nc6 12. a3 Bxc5 13. Nc3 a6 14. Bg5 Be7 15.
Rad1 Bd7 16. b4 Be8 17. Ne4 Rxd1 18. Rxd1 Rd8 19. Nxf6+ Bxf6 20. Bxf6 Rxd1+ 21.
Qxd1 gxf6 22. Qd3 f5 23. Qe3 Ne7 24. c5 Ng6 25. Bxf5 Bc6 26. Bc2 Qd8 27. Qd4 Qe7
28. Be4 e5 29. Qc4 Bxe4 30. Qxe4 Qd7 31. h3 f5 32. Qc4+ Kf8 33. Kh2 e4 34. Ng5
Qe7 35. Ne6+ Kf7 36. Nd4+ Kf6 37. c6 Qd6+ 38. Kg1 Ne5 39. Qc3 bxc6 40. f4 exf3
41. Nxf3 Ke6 42. Nxe5 Qxe5 43. Qxc6+ Kf7 44. Qb7+ Kg8 45. Qf3 Kg7 46. Qd3 h5 47.
Kf2 h4 48. Qe3 Qf6 49. Qd2 Kg6 50. Qd3 Qc6 51. Qb3 Qe4 52. Qb2 Qf4+ 53. Ke2 Qe4+
54. Kf1 Qf4+ 55. Qf2 Qc4+ 56. Kg1 Qc1+ 57. Kh2 Qc7+ 58. Kh1 Qc1+ 59. Kh2 Qc7+
60. g3 Qe5 61. Kg2 Qe4+ 62. Kg1 Qd3 63. gxh4 Qxa3 64. Qg2+ 1/2-1/2

[Event "Moscow Open C University Men"]
[Site "Moscow RUS"]
[Date "2011.02.02"]
[Round "5.8"]
[White "Omariev, Maksim"]
[Black "Reshetnikov, Alexey"]
[Result "0-1"]
[WhiteTitle "FM"]
[BlackTitle "IM"]
[WhiteElo "2335"]
[BlackElo "2478"]
[WhiteFideId "4193423"]
[BlackFideId "4162080"]
[EventDate "2011.01.29"]

1. e4 c5 2. Nf3 e6 3. d4 cxd4 4. Nxd4 Nc6 5. Nc3 a6 6. Be2 Qc7 7. O-O Nf6 8. Be3
Be7 9. f4 d6 10. a4 O-O 11. Kh1 Re8 12. Bf3 Bd7 13. Nb3 b6 14. e5 dxe5 15. fxe5
Qxe5 16. Bxb6 Rac8 17. Qd2 Qb8 18. a5 Nb4 19. Rad1 Bc6 20. Bxc6 Rxc6 21. Nd4
Rcc8 22. Nf3 Nc6 23. Qe2 Qb7 24. Ng5 Nxa5 25. Bxa5 Rc5 26. Nxe6 Rxa5 27. Nd4 Bf8
28. Qd2 Rae5 29. Nf3 R5e6 30. Qc1 Ng4 31. Nd5 Bc5 32. Ng5 Re2 33. Nh3 Ne3 0-1

[Event "Moscow Open C University Men"]
[Site "Moscow RUS"]
[Date "2011.02.02"]
[Round "5.9"]
[White "Dusenov, Ruslan"]
[Black "Matsenko, Sergei"]
[Result "0-1"]
[BlackTitle "IM"]
[WhiteElo "2285"]
[BlackElo "2475"]
[WhiteFideId "4160770"]
[BlackFideId "4170083"]
[EventDate "2011.01.29"]

1. e4 c5 2. d4 cxd4 3. c3 dxc3 4. Nxc3 Nc6 5. Nf3 e6 6. Bc4 a6 7. O-O Nge7 8.
Bg5 f6 9. Be3 Ng6 10. Nd4 Be7 11. f4 O-O 12. Kh1 Na5 13. Bb3 Rf7 14. Qh5 b5 15.
f5 Nf8 16. Rad1 Qe8 17. Bc2 Bb7 18. a4 b4 19. fxe6 dxe6 20. Qxa5 bxc3 21. Qxc3
Rc8 22. Qb3 Bc5 23. Rfe1 Kh8 24. Bd3 Rd7 25. Bc4 Rcd8 26. Rc1 Bxe4 27. Nxe6 Nxe6
28. Bxe6 Rd3 29. Bxc5 Rxb3 30. Bxb3 Qg6 31. Re2 Rc8 32. Be6 Rc6 33. Bd7 Rc7 34.
Bh3 h6 35. Be3 Qh5 36. Rxc7 Qxe2 37. Bd4 Qd3 0-1

[Event "Moscow Open C University Men"]
[Site "Moscow RUS"]
[Date "2011.02.02"]
[Round "5.10"]
[White "Sharafiev, Azat"]
[Black "Gutenev, Alexander"]
[Result "1/2-1/2"]
[WhiteTitle "FM"]
[BlackTitle "FM"]
[WhiteElo "2462"]
[BlackElo "2328"]
[WhiteFideId "4186214"]
[BlackFideId "4195540"]
[EventDate "2011.01.29"]

1. e4 c5 2. Nf3 Nc6 3. d4 cxd4 4. Nxd4 Nf6 5. Nc3 d6 6. Bg5 Bd7 7. Bxf6 gxf6 8.
Nf5 Qa5 9. Bb5 a6 10. Bxc6 bxc6 11. Qd3 d5 12. exd5 cxd5 13. O-O e6 14. Qd4 Rg8
15. Qxf6 Rg6 16. Qe5 f6 17. Qe2 Kf7 18. Ng3 Bb4 19. Rfe1 Rc8 20. Rad1 Qb6 21.
Qh5 Kg7 22. Nge2 Rg5 23. Qh3 Bc5 24. Nxd5 Bxf2+ 25. Kf1 Qa7 26. Ndf4 Bxe1 27.
Rxd7+ Qxd7 28. Nxe6+ Kg8 29. Nxg5 Qxh3 30. Nxh3 Bd2 31. c3 a5 32. Nf2 f5 33. Nd4
f4 34. Nd3 a4 35. Ke2 Be3 1/2-1/2

[Event "Moscow Open C University Men"]
[Site "Moscow RUS"]
[Date "2011.02.02"]
[Round "5.11"]
[White "Shukh, Nikolai"]
[Black "Koreschikov, Maxim"]
[Result "0-1"]
[WhiteTitle "IM"]
[BlackTitle "FM"]
[WhiteElo "2442"]
[BlackElo "2309"]
[WhiteFideId "24102580"]
[BlackFideId "24103900"]
[EventDate "2011.01.29"]

1. e4 g6 2. d4 Bg7 3. Nc3 c6 4. Bc4 d6 5. Nf3 Nf6 6. e5 dxe5 7. Nxe5 O-O 8. O-O
Nd5 9. Qf3 Be6 10. Re1 Nd7 11. Bg5 N7b6 12. Bxd5 cxd5 13. Bh4 h6 14. Qe2 g5 15.
Bg3 Bf5 16. Nd1 e6 17. Ne3 Be4 18. c3 a6 19. f3 Bh7 20. Rf1 f6 21. Nd3 Nc4 22.
Rae1 Qd7 23. Nd1 Rfe8 24. Qd2 Qb5 25. Re3 Nb6 26. b3 Nd7 27. Rfe1 a5 28. Qe2 Bf5
29. N1b2 Qc6 30. c4 b5 31. cxb5 Qxb5 32. Na4 Bf8 33. Bf2 e5 34. Qd1 Rec8 35. Nc1
Bb4 36. Rf1 Rc2 37. Re2 Rxc1 38. Qxc1 Qxe2 39. Qc6 Ra6 40. Qxd5+ Be6 41. Qb7 Rd6
42. dxe5 Rd1 0-1

[Event "Moscow Open C University Men"]
[Site "Moscow RUS"]
[Date "2011.02.02"]
[Round "5.12"]
[White "Yaksin, Oleg"]
[Black "Krivenko, Sergey"]
[Result "1/2-1/2"]
[WhiteElo "2410"]
[BlackElo "2326"]
[WhiteFideId "24105880"]
[BlackFideId "24124753"]
[EventDate "2011.01.29"]

1. d4 Nf6 2. c4 g6 3. Nf3 Bg7 4. g3 d5 5. cxd5 Nxd5 6. Bg2 Nb6 7. O-O Nc6 8. e3
e5 9. Nxe5 Nxe5 10. dxe5 Qxd1 11. Rxd1 Bxe5 12. Nc3 c6 13. e4 Bg4 14. f3 Bd7 15.
Be3 Nc4 16. Bd4 Bxd4+ 17. Rxd4 Ne3 18. Rd2 O-O-O 19. Re1 Nxg2 20. Rxg2 Be6 21.
g4 Rd3 22. f4 h5 23. g5 h4 24. Rf2 h3 25. a3 Bc4 26. Rd1 Re3 27. Rfd2 Rf3 28.
Rf2 Re3 29. Rfd2 Rf3 1/2-1/2

[Event "Moscow Open C University Men"]
[Site "Moscow RUS"]
[Date "2011.02.02"]
[Round "5.13"]
[White "Shlegin, Stanislav"]
[Black "Turutin, Alexander"]
[Result "1-0"]
[WhiteTitle "FM"]
[BlackTitle "FM"]
[WhiteElo "2326"]
[BlackElo "2408"]
[WhiteFideId "24112089"]
[BlackFideId "4180623"]
[EventDate "2011.01.29"]

1. d4 Nf6 2. Nf3 g6 3. c4 c5 4. Nc3 cxd4 5. Nxd4 Bg7 6. e4 O-O 7. Be3 Qa5 8. Nb3
Qd8 9. Be2 Nc6 10. O-O d6 11. Qd2 b6 12. f3 Ba6 13. Nd4 Rc8 14. Nxc6 Rxc6 15. b3
Bb7 16. Rac1 Qa8 17. Nd5 Re8 18. a4 Nxd5 19. cxd5 Rxc1 20. Rxc1 Rc8 21. Bb5
Rxc1+ 22. Qxc1 Qc8 23. Bc6 Bf6 24. Bxb7 Qxb7 25. Qc4 Kg7 26. g3 Qd7 27. Kg2 e6
28. Qc6 Qe7 29. Bf4 e5 30. Bd2 Bg5 31. Bb4 Be3 32. Bxd6 Qg5 33. Qe8 Kh6 34. Qf8+ 1-0

[Event "Moscow Open C University Men"]
[Site "Moscow RUS"]
[Date "2011.02.02"]
[Round "5.14"]
[White "Novikov, Stanislav"]
[Black "Barsamian, Eduard"]
[Result "1-0"]
[WhiteTitle "GM"]
[WhiteElo "2568"]
[BlackElo "2213"]
[WhiteFideId "4125371"]
[BlackFideId "24102016"]
[EventDate "2011.01.29"]

1. e4 c6 2. d4 d5 3. e5 Bf5 4. c4 e6 5. Nc3 Nd7 6. Be3 dxc4 7. Bxc4 Nb6 8. Bb3
Ne7 9. Nge2 Ned5 10. O-O Be7 11. Ng3 Bg6 12. Nce4 h5 13. Nd2 h4 14. Nge4 Kf8 15.
a3 Rc8 16. Rc1 Kg8 17. Qe2 Rc7 18. Nc5 Bh5 19. Qe1 Bg6 20. Nde4 Bf5 21. Qd2 Nc8
22. Nc3 Nxc3 23. Qxc3 Nb6 24. Qa5 Nc8 25. Qa4 a6 26. h3 Nb6 27. Qa5 Bxc5 28.
Rxc5 Nd5 29. Qd2 Rd7 30. Bg5 Qb6 31. Bxd5 Rxd5 32. Rxd5 exd5 33. Re1 Be6 34. Re2
Qb3 35. Re3 Qa4 36. Be7 Rh6 37. Rf3 Rh5 38. Rf4 Qc4 39. Rf3 Qa4 40. b3 Qb5 41.
Bc5 a5 42. a4 Qa6 43. Rf4 Rh6 44. Be7 b5 45. Rxh4 Rxh4 46. Bxh4 bxa4 47. bxa4
Qc4 48. Bd8 Qxa4 49. Bxa5 Qa1+ 50. Kh2 Qb1 51. Bb4 Qe4 52. Bc5 Qf5 53. Qe3 Qh5
54. Qf4 1-0

[Event "Moscow Open C University Men"]
[Site "Moscow RUS"]
[Date "2011.02.02"]
[Round "5.15"]
[White "Aldokhin, Ivan"]
[Black "Kretov, Evgueij"]
[Result "1-0"]
[WhiteTitle "IM"]
[WhiteElo "2391"]
[BlackElo "2210"]
[WhiteFideId "24115720"]
[BlackFideId "4167821"]
[EventDate "2011.01.29"]

1. e4 c5 2. Nf3 Nc6 3. d4 cxd4 4. Nxd4 g6 5. Nc3 Bg7 6. Be3 Nf6 7. Bc4 O-O 8.
Bb3 d6 9. h3 Bd7 10. O-O Na5 11. Qd3 a6 12. Nd5 Nxb3 13. axb3 Nxd5 14. exd5 b5
15. c3 Qc7 16. Rfe1 e5 17. dxe6 fxe6 18. Qd2 e5 19. Nc2 Be6 20. Nb4 Bxb3 21.
Nxa6 Qe7 22. Ra3 Be6 23. Rd1 Rfd8 24. Nb4 Qb7 25. Rda1 d5 26. Ra7 Rxa7 27. Rxa7
Qc8 28. Bh6 Rd7 29. Rxd7 Qxd7 30. Bxg7 Kxg7 31. Qe3 Qd6 32. Nd3 Kf6 33. f4 exf4
34. Nxf4 Bf7 35. Nd3 g5 36. Qd4+ Ke6 37. Nc5+ Ke7 38. b4 Qg3 39. Nd3 Be6 40.
Qg7+ Ke8 41. Qxh7 g4 42. hxg4 Qxg4 43. Qh8+ Ke7 44. Qd4 Qg3 45. Qc5+ Kf6 46.
Qf2+ Qxf2+ 47. Kxf2 Kf5 48. Ke3 Kg4 49. Nf4 Bf7 50. Ne2 Bg6 51. Nd4 Be8 52. Ne6
Kg3 53. Nc7 Bc6 54. Kd4 Kxg2 55. Kc5 Bb7 56. Nxb5 Kf3 57. Nc7 1-0

[Event "Moscow Open C University Men"]
[Site "Moscow RUS"]
[Date "2011.02.02"]
[Round "5.16"]
[White "Khmara, Maxim"]
[Black "Dimukhametov, Artur"]
[Result "1-0"]
[BlackTitle "FM"]
[WhiteElo "2132"]
[BlackElo "2354"]
[WhiteFideId "4177681"]
[BlackFideId "4195680"]
[EventDate "2011.01.29"]

1. e4 c5 2. d3 Nc6 3. g3 e6 4. Bg2 Nf6 5. f4 d6 6. Nf3 g6 7. O-O Bg7 8. c3 O-O
9. h3 Qc7 10. a4 b6 11. Na3 Bb7 12. Be3 Na5 13. b4 Nc6 14. Rc1 Rac8 15. b5 Ne7
16. Nd2 Qb8 17. Bf2 Nd7 18. Qb3 Kh8 19. a5 bxa5 20. Nac4 e5 21. fxe5 Nxe5 22.
Nxe5 dxe5 23. Ra1 Qd6 24. Nc4 Qb8 25. Rxa5 f5 26. b6 axb6 27. Nxb6 Bc6 28. Bxc5
Rce8 29. Qa3 fxe4 30. Rb1 Rf7 31. dxe4 Ng8 32. Qa2 Rb7 33. Rb4 Nf6 34. Nd5 Nh5
35. Qf2 Bxd5 36. exd5 Rxb4 37. cxb4 e4 38. d6 e3 39. Qe1 Nxg3 40. Ra8 Qb5 41.
Rxe8+ Qxe8 42. Qxe3 Qa4 43. Qxg3 Qa1+ 44. Bf1 Be5 45. Qf2 1-0

[Event "Moscow Open C University Men"]
[Site "Moscow RUS"]
[Date "2011.02.02"]
[Round "5.17"]
[White "Tilicheev, Viacheslav"]
[Black "Borisovsky, Viktor"]
[Result "0-1"]
[WhiteTitle "FM"]
[WhiteElo "2338"]
[BlackElo "2118"]
[WhiteFideId "24114928"]
[BlackFideId "24131768"]
[EventDate "2011.01.29"]

1. e4 c5 2. Nf3 d6 3. d4 cxd4 4. Nxd4 Nf6 5. Nc3 g6 6. Be3 Bg7 7. f3 O-O 8. Qd2
Nc6 9. O-O-O d5 10. Kb1 Nxd4 11. e5 Ng4 12. Bxd4 Nxe5 13. Qe3 Nc6 14. Bxg7 Kxg7
15. Rxd5 Qc7 16. h4 f5 17. h5 f4 18. Qe1 Bf5 19. Bd3 e6 20. hxg6 hxg6 21. Nb5
Qe7 22. Rd6 Rad8 23. Bxf5 Rxd6 24. Nxd6 exf5 25. Qxe7+ Nxe7 26. Nxb7 Nd5 27. Nc5
Re8 28. Nd3 g5 29. Re1 Ne3 30. Re2 Kf6 31. b4 Rb8 32. Kb2 Rc8 33. a4 Nd1+ 34.
Kb3 Rc3+ 35. Ka2 Rxd3 36. cxd3 Nc3+ 37. Kb3 Nxe2 38. Kc4 Ke5 39. b5 Kd6 40. a5
g4 41. d4 Ng1 42. fxg4 fxg4 43. Kd3 f3 44. gxf3 g3 45. a6 Kc7 46. d5 Nxf3 47.
d6+ Kb6 48. Ke4 Ng5+ 49. Kf5 Nf7 50. d7 g2 0-1

[Event "Moscow Open C University Men"]
[Site "Moscow RUS"]
[Date "2011.02.02"]
[Round "5.18"]
[White "Rakhimgaliyev, Yerlan"]
[Black "Anfinogenov, Artem"]
[Result "1/2-1/2"]
[WhiteTitle "FM"]
[WhiteElo "2320"]
[BlackElo "2068"]
[WhiteFideId "13705148"]
[BlackFideId "4197461"]
[EventDate "2011.01.29"]

1. e4 c5 2. c3 e5 3. Nf3 Nc6 4. d4 exd4 5. cxd4 cxd4 6. Nxd4 Nf6 7. Nc3 Bb4 8.
Nxc6 dxc6 9. Qxd8+ Kxd8 10. Bg5 h6 11. O-O-O+ Ke7 12. Bxf6+ gxf6 13. a3 Bc5 14.
f3 Be6 15. Kc2 Rad8 16. Be2 Rxd1 17. Rxd1 Rd8 18. g4 Be3 19. Rxd8 Kxd8 20. Bd3
Ke7 21. Ne2 Kd6 22. Ng3 Bf4 23. Nf5+ Ke5 24. h4 Bxf5 25. exf5 Kd4 26. Be4 Kc4
27. h5 1/2-1/2